| 000 | 00602nam a2200157 a 4500 | ||
|---|---|---|---|
| 001 | 000038532 | ||
| 005 | 20210420113210.0 | ||
| 008 | 130412s2004 xxuad 000 0 spa d | ||
| 020 | _a9280638165 | ||
| 040 |
_aDO-SdBNP _bspa _cBNPHU |
||
| 110 |
_aFondo de las Naciones Unidas para la Infancia _99270 |
||
| 245 | 1 | 4 | _aLas niñas, el VIH/SIDA y la educación. |
| 260 |
_aNew York : _bUNICEF, _c2004. |
||
| 300 |
_a32 p. : _bil., gráf., mapas ; _c30 cm. |
||
| 505 | 0 |
_tEl rostro cambiante del VIH/SIDA -- _tNiñas y mujeres amenazadas -- _tEl poder de la educación de las niñas -- _tUna llamada a la acción -- |
|
| 999 |
_c38022 _d38022 |
||